| 000 -LEADER |
| fixed length control field |
01713cam a22003494a 4500 |
| 001 - CONTROL NUMBER |
| control field |
12956641 |
| 005 - DATE AND TIME OF LATEST TRANSACTION |
| control field |
20170204092940.0 |
| 008 - FIXED-LENGTH DATA ELEMENTS--GENERAL INFORMATION |
| fixed length control field |
021003s2003 nyua b 001 0 eng |
| 010 ## - LIBRARY OF CONGRESS CONTROL NUMBER |
| LC control number |
2002035071 |
| 020 ## - INTERNATIONAL STANDARD BOOK NUMBER |
| International Standard Book Number |
0521824656 |
| 040 ## - CATALOGING SOURCE |
| Original cataloging agency |
DLC |
| Transcribing agency |
DLC |
| Modifying agency |
DLC |
| 041 1# - LANGUAGE CODE |
| Language code of text/sound track or separate title |
eng |
| Language code of original |
heb |
| 042 ## - AUTHENTICATION CODE |
| Authentication code |
pcc |
| 050 00 - LIBRARY OF CONGRESS CALL NUMBER |
| Classification number |
N6490 |
| Item number |
.A896 2003 |
| 100 1# - MAIN ENTRY--PERSONAL NAME |
| Personal name |
Avital, Tsion, |
| Dates associated with a name |
1940- |
| 245 10 - TITLE STATEMENT |
| Title |
Art versus nonart / |
| Statement of responsibility, etc. |
Tsion Avital ; translated by John G. Harries. |
| 260 ## - PUBLICATION, DISTRIBUTION, ETC. (IMPRINT) |
| Place of publication, distribution, etc. |
New York : |
| Name of publisher, distributor, etc. |
Cambridge University Press, |
| Date of publication, distribution, etc. |
2003. |
| 300 ## - PHYSICAL DESCRIPTION |
| Extent |
xvi, 445 p., [8] p. of 11 numb. plates : |
| Other physical details |
ill. (some col.) ; |
| Dimensions |
26 cm. |
| 440 #0 - SERIES STATEMENT/ADDED ENTRY--TITLE |
| Title |
Contemporary artists and their critics |
| 504 ## - BIBLIOGRAPHY, ETC. NOTE |
| Bibliography, etc |
Includes bibliographical references and index. |
| 546 ## - LANGUAGE NOTE |
| Language note |
Translated from the Hebrew. |
| 650 #0 - SUBJECT ADDED ENTRY--TOPICAL TERM |
| Topical term or geographic name as entry element |
Art, Modern |
| Chronological subdivision |
20th century |
| General subdivision |
Philosophy. |
| 650 #0 - SUBJECT ADDED ENTRY--TOPICAL TERM |
| Topical term or geographic name as entry element |
Art |
| General subdivision |
Philosophy. |
| 856 41 - ELECTRONIC LOCATION AND ACCESS |
| Materials specified |
Sample text |
| Uniform Resource Identifier |
<a href="http://www.loc.gov/catdir/samples/cam033/2002035071.html">http://www.loc.gov/catdir/samples/cam033/2002035071.html</a> |
| 856 41 - ELECTRONIC LOCATION AND ACCESS |
| Materials specified |
Table of contents |
| Uniform Resource Identifier |
<a href="http://www.loc.gov/catdir/toc/cam031/2002035071.html">http://www.loc.gov/catdir/toc/cam031/2002035071.html</a> |
| 856 42 - ELECTRONIC LOCATION AND ACCESS |
| Materials specified |
Publisher description |
| Uniform Resource Identifier |
<a href="http://www.loc.gov/catdir/description/cam031/2002035071.html">http://www.loc.gov/catdir/description/cam031/2002035071.html</a> |
| 942 ## - ADDED ENTRY ELEMENTS (KOHA) |
| Source of classification or shelving scheme |
|
| Koha item type |
Hard Covered Materials |
| Classification part |
N6490 .A896 2003 |